| 000 | 00837nam a2200253Ia 4500 | ||
|---|---|---|---|
| 003 | OSt | ||
| 005 | 20220923213146.0 | ||
| 006 | a|||||r|||| 00| 0 | ||
| 007 | ta | ||
| 008 | 220922b |||||||| |||| 00| 0 hin d | ||
| 024 | _a159,364 | ||
| 037 | _cTextual | ||
| 040 |
_aARTS _cARTS _bhin |
||
| 041 |
_2hin _ahin |
||
| 082 | _aO152,1:g, J5 | ||
| 100 |
_aनगेन्द्र _9156277 |
||
| 245 | 0 | _aहिन्दी वक्राक्ति जीवित | |
| 246 | _aHindī vakrākti jīvita | ||
| 260 |
_aदिल्ली _b रामलाल पूरी आत्माराम एण्ड संस _c1955 |
||
| 300 |
_a558 पृ. _ccm. |
||
| 650 |
_aहिन्दी साहित्य _9156264 |
||
| 942 |
_hO152,1:g, J5 _cTEXL _2CC |
||
| 999 |
_c314111 _d314111 |
||